000 00301nam a2200121Ia 4500
008 231221s9999 xx 000 0 und d
041 _aEnglish
082 _a001.6424LIN NEG 'R'
100 _aNegus, Christopher
245 0 _aRed hat linux bible
260 _c2000
_bIDG, India
942 _cCD
999 _c202218
_d202218